000 01998nam a22002417a 4500
001 6541
003 FISKH
005 20250509135532.0
008 250508b cb ||||| |||| 00| 0 eng d
020 _a9789996333354
040 _aFISKH
_bkhr
_cFISKH
_dFISKH
082 _a400
100 _aSokheng, Kong
245 _aសិក្សាភាសាខ្មែរថ្នាក់ទី៩ /
_cរៀបរៀងនិងនិពន្ធដោយលោក គង់ សុខហេង
250 _aបោះពុម្ពលើកទី១
260 _aភ្នំពេញ :
_bរោងពុម្ព ពេជ្រណែត ,
_c២០១៤​ .
300 _a167 pages :
_bcolor illustrations ;
_c20 cm .
520 _aសៀវភៅ «សិក្សាភាសាខ្មែរថ្នាក់ទី៩» ដែលរៀបរៀងដោយលោក គង់ សុខហេង គឺជាវិភាគសិក្សាសម្បូរបែបមួយ ដែលត្រូវបានរចនាឡើងដើម្បីលើកស្ទួយសមត្ថភាពភាសាខ្មែររបស់សិស្សនៅថ្នាក់ទី៩។ សៀវភៅនេះសម្របសម្រួលតាមកម្មវិធីសិក្សាជាតិ ហើយត្រូវបានរៀបចំឡើងយ៉ាងមានលំដាប់ ដើម្បីជួយឲ្យការសិក្សាអភិវឌ្ឍទៅដោយសមរម្យ។
520 _aThe book "Khmer Language Studies for Grade 9", compiled by Kong Sokheng, serves as a comprehensive educational resource designed to enhance students' proficiency in the Khmer language at the ninth-grade level. This textbook aligns with the national curriculum and is structured to facilitate progressive learning.
650 _aសិក្សាភាសាខ្មែរថ្នាក់ទី៩
942 _2ddc
_cKHB
_n0
999 _c6541
_d6541